Analýza ukazovateľov rentability a likvidity v podniku U. S. Steel Košice, s.r.o

Analýza vývoja určených finančných pomerových ukazovateľov v podniku U. S. Steel Košice, s.r.o. Výpočet zvolených finančných pomerových ukazovateľov a ich porovnanie s odporúčanými hodnotami. Možnosti zmeny vedúce k zlepšeniu postavenia podniku na trhu.

Guardado en:
Detalles Bibliográficos
Autor principal: Potoma, Radoslav, 1992-
Otros Autores: Novotný, Marcel, 1979-
Formato: Capítulo de libro
Lenguaje:eslovaco
Materias:
Etiquetas: Agregar Etiqueta
Sin Etiquetas, Sea el primero en etiquetar este registro!

MARC

LEADER 00000naa$a2200000$$$4500
001 0250372
005 20240502074019.7
041 0 |a slo 
044 |a SK 
245 1 0 |a Analýza ukazovateľov rentability a likvidity v podniku U. S. Steel Košice, s.r.o  |c Radoslav Potoma, Marcel Novotný 
520 |a Analýza vývoja určených finančných pomerových ukazovateľov v podniku U. S. Steel Košice, s.r.o. Výpočet zvolených finančných pomerových ukazovateľov a ich porovnanie s odporúčanými hodnotami. Možnosti zmeny vedúce k zlepšeniu postavenia podniku na trhu. 
610 2 0 |a podnik 
610 2 0 |a U. S. Steel Košice 
610 2 0 |a rentabilita 
610 2 0 |a likvidita 
610 2 0 |a likvidita podniku 
610 2 0 |a analýza finančná 
100 1 |a Potoma, Radoslav, 1992- 
700 1 |a Novotný, Marcel, 1979-